Artists signed to Aftermath Records - Statistics

General Stats
  • This quiz has been taken 16 times
    7 since last reset
  • The average score is 4 of 5
Answer Stats
Songs Artist % Correct
Good Guy, Lose Yourself Eminem
100%
DNA, Humble Kendrick Lamar
100%
Big Ego's, The Next Episode Dr Dre
86%
Leave The Door Open, Skate Silk Sonic
57%
Come Down, Just Sing Anderson.Paak
43%
No matching quizzes found
Score Distribution
Percent of People with Each Score
Percentile by Number Answered
Your Score History
You have not taken this quiz since the last reset